000 00918nam a2200229 a 4500
003 AM-YeHGA
040 _aAM-YeHGA
090 _c120794
001 000321337
005 20250618072032.0
008 040324s1928 ai 000 | arm d
041 1 _aarm
100 1 _aԲոգովոյ, Ի.
245 1 0 _aԳյուղական չքավորության կազմակերպումը յեվ պայքարը կուլակության դեմ /
_cԻ. Բոգովոյ; Թարգմ.՝ Ա.Ա.
260 _aՅերևան :
_bՊետհրատ,
_c1928.
300 _a113 էջ :
_bաղս. ;
_c17 սմ.
500 _aՀամ.Կ.Կ.(Բ) XV համագումարի արդյունքները
504 _aՄատենագիտ. տողատ. ծանոթ.` հայ. և ռուս.
650 1 4 _aՊատմություն
_zՍՍՌՄ
_95749
700 1 _aԱբրահամյան, Աշոտ Գարեգինի,
_d1903-1983
_eթարգմ.
_4trl
_990
942 _2udc
_cBK
999 _c119443
_d119443